Taylor Swift - Paroles The Moment I Knew - Statistiques

Statistiques générales
  • Ce quiz a été pris 35 fois
  • Le résultat moyen est 272 sur 344
Statistiques - réponses
Hint Réponse % Correct
I
100%
knew
100%
moment
100%
the
100%
A
94%
that
94%
was
94%
Breakdown | Couplet 1 | Outro You
94%
you
94%
you"
94%
be
89%
"He
89%
is
89%
Is
89%
it
89%
it"
89%
me
89%
on
89%
so
89%
So
89%
they
89%
thing
89%
And
83%
But
83%
by
83%
do
83%
here"
83%
here
83%
just
83%
Just
83%
like
83%
no
83%
one
83%
say
83%
say,
83%
there
83%
When
83%
when
83%
who
83%
With
83%
are
78%
As
78%
"Baby,
78%
been
78%
birthday
78%
down
78%
dress
78%
face
78%
happy
78%
"Happy
78%
I'm
78%
"I'm
78%
in
78%
In
78%
know
78%
know?
78%
lipstick
78%
million
78%
missing
78%
(missing,
78%
missing)
78%
motion
78%
my
78%
of
78%
party
78%
red
78%
right
78%
said
78%
said,
78%
should've
78%
Should've
78%
show?
78%
slow
78%
Standing
78%
standing
78%
stars
78%
through
78%
to
78%
Bridge What
78%
what
78%
would've
78%
your
78%
didn't
72%
door
72%
for
72%
impress
72%
laughing
72%
make
72%
means
72%
most
72%
not
72%
singing
72%
smile
72%
tears
72%
they're
72%
too"
72%
all
67%
around
67%
ask
67%
back
67%
bathroom
67%
everyone
67%
fall
67%
felt
67%
front
67%
had
67%
I've
67%
lights
67%
little
67%
pass
67%
room
67%
shining
67%
sorry,
67%
sorry
67%
streaming
67%
time
67%
try
67%
wanna
67%
you'd
67%
about
61%
aligned
61%
alone
61%
apart
61%
asking
61%
burst
61%
called
61%
Couplet 2 Christmas
61%
friends
61%
he'd
61%
hours
61%
how
61%
How
61%
memory
61%
waiting
61%
always
56%
close
56%
got
56%
later
56%
looking
56%
seem
56%
ticking
56%
walk
56%
feeling
50%
hall
50%
People
50%
eye
44%
Now
44%
sinking
44%
something
44%
starts
44%
follow
39%
glisten
39%
really
39%
there's
39%
wrong
39%
hopelessly
33%
Ooh,
22%
Ooh
22%
comb
17%
Aucun quiz correspondant
Distribution des résultats
% des personnes avec chaque résultat
Percentile par nombre de réponses
Votre historique - résultats
Vous n’avez pas pris ce quiz